[Event "Nova Gorica op 24th"]
[Site "Nova Gorica"]
[Date "2019.01.31"]
[Round "9"]
[White "Nailer, Ali"]
[Black "Pecnik, Primoz"]
[Result "1/2-1/2"]
[WhiteElo "1886"]
[BlackElo "1744"]
[PlyCount "116"]
[EventDate "2019.01.25"]
[EventType "swiss"]
[EventRounds "9"]
[EventCountry "SLO"]
[SourceTitle "CBM 188 Extra"]
[Source "ChessBase"]
[SourceDate "2019.02.26"]
[SourceVersion "1"]
[SourceVersionDate "2019.02.26"]
[SourceQuality "1"]

1. c4 e5 2. Nc3 Nc6 3. g3 Bc5 4. Bg2 d6 5. Nf3 Nf6 6. a3 a5 7. 0-0 0-0 8. d3 h6 9. h3 Re8 10. b3 Bf5 11. Bb2 e4 12. Ne1 Qe7 13. dxe4 Nxe4 14. e3 Nxc3 15. Bxc3 Be4 16. Ra2 Bxg2 17. Nxg2 Qe4 18. Nf4 Ne5 19. Bxe5 Qxe5 20. Nd3 Qf5 21. Nxc5 Qxc5 22. Qd5 Qb6 23. Qd3 Qc6 24. Rd1 Qe4 25. Qd5 Re5 26. Qxe4 Rxe4 27. Rc2 b6 28. Rd5 f6 29. Rc3 Kf7 30. f3 Re5 31. Kf2 Rae8 32. e4 f5 33. Rxe5 Rxe5 34. exf5 Rxf5 35. Rd3 Ke6 36. f4 d5 37. cxd5+ Rxd5 38. Re3+ Kf6 39. g4 b5 40. f5 Re5 41. Rd3 Ke7 42. Kf3 c5 43. Kf4 Re1 44. Rc3 b4 45. Rxc5 a4 46. bxa4 bxa3 47. Rc2 Ra1 48. Kg3 Rb1 49. Ra2 Rb3+ 50. Kh4 Kd6 51. Kh5 Rxh3+ 52. Kg6 Rg3 53. Kxg7 Rxg4+ 54. Kxh6 Rxa4 55. Kg7 Ra7+ 56. Kg6 Kc5 57. f6 Kb4 58. f7 Rxf7 1/2-1/2

[Event "Nova Gorica op 24th"]
[Site "Nova Gorica"]
[Date "2019.01.27"]
[Round "5"]
[White "Nailer, Ali"]
[Black "Milicevic, Zoran1111"]
[Result "1-0"]
[WhiteElo "1886"]
[BlackElo "1592"]
[PlyCount "84"]
[EventDate "2019.01.25"]
[EventType "swiss"]
[EventRounds "9"]
[EventCountry "SLO"]
[SourceTitle "CBM 188 Extra"]
[Source "ChessBase"]
[SourceDate "2019.02.26"]
[SourceVersion "1"]
[SourceVersionDate "2019.02.26"]
[SourceQuality "1"]

1. c4 Nf6 2. g3 g6 3. Bg2 Bg7 4. Nf3 0-0 5. 0-0 c6 6. Nc3 d5 7. cxd5 Nxd5 8. d4 Nxc3 9. bxc3 Nd7 10. Bf4 Nf6 11. Be5 Qa5 12. Qb3 Ng4 13. Bxg7 Kxg7 14. h3 Nf6 15. Ne5 Nd7 16. Nxd7 Bxd7 17. Qxb7 Rfd8 18. Qb4 Qxb4 19. cxb4 Rab8 20. a3 Rb6 21. Rfc1 Be8 22. e3 e6 23. Rc5 h5 24. Rac1 Rd6 25. Ra5 a6 26. Bf1 Rd7 27. Bxa6 Kf6 28. Bf1 Ke7 29. Bg2 Kd6 30. Kf1 Rdb7 31. Ke2 Rb8 32. Kd3 f5 33. h4 Bd7 34. Ra7 R8b7 35. Rxb7 Rxb7 36. Kc3 Ra7 37. Kb3 Ra6 38. Rc5 Rb6 39. Ra5 Kc7 40. Ra8 Rb8 41. Rxb8 Kxb8 42. Kc4 Kb7 1-0

[Event "Nova Gorica op 24th"]
[Site "Nova Gorica"]
[Date "2019.01.27"]
[Round "4"]
[White "Tadic, Stefan"]
[Black "Nailer, Ali"]
[Result "1-0"]
[WhiteElo "2163"]
[BlackElo "1886"]
[PlyCount "71"]
[EventDate "2019.01.25"]
[EventType "swiss"]
[EventRounds "9"]
[EventCountry "SLO"]
[SourceTitle "CBM 188 Extra"]
[Source "ChessBase"]
[SourceDate "2019.02.26"]
[SourceVersion "1"]
[SourceVersionDate "2019.02.26"]
[SourceQuality "1"]

1. e4 d5 2. exd5 Qxd5 3. Nc3 Qd6 4. d4 Nf6 5. Nf3 g6 6. Bc4 Bg7 7. 0-0 0-0 8. h3 Bf5 9. Re1 Nc6 10. Nb5 Qd8 11. Bf4 a6 12. Nc3 Nb4 13. Bb3 c6 14. Bh2 Nbd5 15. Na4 Ne4 16. g4 b5 17. gxf5 bxa4 18. Bxa4 gxf5 19. Bxc6 Ra7 20. c4 Ndf6 21. Qb3 Kh8 22. Rad1 Bh6 23. Re2 Rg8+ 24. Kh1 e6 25. Be5 Bg7 26. Rg1 a5 27. Ng5 Nxg5 28. Rxg5 Ne8 29. Rg1 f6 30. Bh2 e5 31. Bd5 Rf8 32. dxe5 fxe5 33. Bxe5 Bxe5 34. Rxe5 Nd6 35. Qc3 Qf6 36. Rxf5 1-0

[Event "Nova Gorica op 24th"]
[Site "Nova Gorica"]
[Date "2019.01.26"]
[Round "3"]
[White "Bratkovic, Jakob"]
[Black "Nailer, Ali"]
[Result "1-0"]
[WhiteElo "2345"]
[BlackElo "1886"]
[PlyCount "39"]
[EventDate "2019.01.25"]
[EventType "swiss"]
[EventRounds "9"]
[EventCountry "SLO"]
[SourceTitle "CBM 188 Extra"]
[Source "ChessBase"]
[SourceDate "2019.02.26"]
[SourceVersion "1"]
[SourceVersionDate "2019.02.26"]
[SourceQuality "1"]

1. e4 e6 2. d4 d5 3. Nd2 dxe4 4. Nxe4 Bd7 5. Nf3 Bc6 6. Bd3 Nd7 7. 0-0 Ngf6 8. Ned2 Be7 9. b3 b5 10. c4 bxc4 11. bxc4 Rb8 12. Re1 0-0 13. Qe2 Re8 14. Nb3 Ba8 15. Bf4 Rb4 16. Bd2 Rb8 17. Red1 c5 18. dxc5 Qc7 19. Bc3 Red8 20. Ba5 1-0

[Event "Nova Gorica op 24th"]
[Site "Nova Gorica"]
[Date "2019.01.26"]
[Round "2"]
[White "Nailer, Ali"]
[Black "Urh, Zala"]
[Result "0-1"]
[WhiteElo "1886"]
[BlackElo "2027"]
[PlyCount "46"]
[EventDate "2019.01.25"]
[EventType "swiss"]
[EventRounds "9"]
[EventCountry "SLO"]
[SourceTitle "CBM 188 Extra"]
[Source "ChessBase"]
[SourceDate "2019.02.26"]
[SourceVersion "1"]
[SourceVersionDate "2019.02.26"]
[SourceQuality "1"]

1. e4 e5 2. d4 exd4 3. Qxd4 Nc6 4. Qe3 Nf6 5. Nc3 Bb4 6. Bd2 0-0 7. 0-0-0 Re8 8. Bc4 Na5 9. Be2 d5 10. Qg3 Nxe4 11. Nxe4 Rxe4 12. Bf3 Bxd2+ 13. Rxd2 Re1+ 14. Rd1 Rxd1+ 15. Kxd1 Bf5 16. Kc1 c6 17. Ne2 Nc4 18. Qf4 Bg6 19. h4 h6 20. g4 Qa5 21. Kb1 Nd2+ 22. Ka1 Nxf3 23. Qxf3 Be4 0-1

[Event "Zadar op-B 25th"]
[Site "Zadar"]
[Date "2018.12.21"]
[Round "8"]
[White "Nailer, Ali"]
[Black "Miskovic, Bozo"]
[Result "1-0"]
[WhiteElo "1856"]
[BlackElo "2019"]
[PlyCount "109"]
[EventDate "2018.12.15"]
[EventType "swiss"]
[EventRounds "9"]
[EventCountry "CRO"]
[SourceTitle "CBM 188 Extra"]
[Source "ChessBase"]
[SourceDate "2019.02.26"]
[SourceVersion "1"]
[SourceVersionDate "2019.02.26"]
[SourceQuality "1"]

1. c4 c5 2. g3 g6 3. Bg2 Bg7 4. Nf3 Nf6 5. d4 cxd4 6. Nxd4 d6 7. Nc3 0-0 8. 0-0 Nbd7 9. b3 a6 10. Bb2 Rb8 11. Qd2 Nc5 12. Rac1 Ne6 13. Rfd1 Nxd4 14. Qxd4 Nd7 15. Qd2 b6 16. Nd5 Bxb2 17. Qxb2 Bb7 18. Qd4 Re8 19. Qh4 Rc8 20. Nxe7+ Qxe7 21. Qxe7 Rxe7 22. Bxb7 Rc7 23. Bf3 Re6 24. Rd2 Kf8 25. Rcd1 Ke7 26. Bd5 Rf6 27. f4 h6 28. e3 Nf8 29. g4 g5 30. Rf2 Ng6 31. Rd4 Kf8 32. Be4 Ke7 33. Bxg6 Rxg6 34. f5 Rg8 35. f6+ Kd7 36. e4 Ke6 37. Rfd2 Rd7 38. Rd5 Rgd8 39. Rf5 Rc8 40. Kf2 Rc5 41. Rdd5 Rd8 42. Ke3 Rxd5 43. exd5+ Kd7 44. Rf3 Rc8 45. Kd3 Rg8 46. Re3 Re8 47. Rxe8 Kxe8 48. b4 Kd7 49. Kd4 Kc7 50. c5 b5 51. c6 Kb6 52. Ke4 Kc7 53. Kf3 Kd8 54. h4 gxh4 55. Kg2 1-0

[Event "Zadar op-B 25th"]
[Site "Zadar"]
[Date "2018.12.16"]
[Round "2"]
[White "Rozic, Slaven"]
[Black "Nailer, Ali"]
[Result "1-0"]
[WhiteElo "2079"]
[BlackElo "1856"]
[PlyCount "71"]
[EventDate "2018.12.15"]
[EventType "swiss"]
[EventRounds "9"]
[EventCountry "CRO"]
[SourceTitle "CBM 188 Extra"]
[Source "ChessBase"]
[SourceDate "2019.02.26"]
[SourceVersion "1"]
[SourceVersionDate "2019.02.26"]
[SourceQuality "1"]

1. d4 Nf6 2. Nf3 g6 3. Bf4 Bg7 4. e3 0-0 5. h3 d6 6. Bc4 Nbd7 7. 0-0 a6 8. a4 b6 9. Nbd2 Bb7 10. c3 c5 11. Qb3 d5 12. Be2 c4 13. Qc2 b5 14. b3 Nb6 15. Rfb1 Bc6 16. Ne5 Be8 17. bxc4 Nxc4 18. Ndxc4 bxc4 19. Rb7 Ne4 20. Rab1 f6 21. Nxc4 Bxa4 22. Qxa4 Nxc3 23. Qc2 Nxb1 24. Nb6 Na3 25. Qb3 e5 26. Nxa8 Qa5 27. Nc7 exf4 28. exf4 Rc8 29. Qxd5+ Qxd5 30. Nxd5 Rc1+ 31. Kh2 a5 32. f5 gxf5 33. Ne7+ Kh8 34. Nxf5 Bf8 35. Rb8 Kg8 36. Bf3 1-0

[Event "Sant Adria de Besos op 2nd B"]
[Site "Sant Adria de Besos"]
[Date "2018.08.15"]
[Round "7.2"]
[White "Nailer, Ali"]
[Black "Bes Alvarez, Alex"]
[Result "1-0"]
[WhiteElo "1782"]
[BlackElo "1834"]
[PlyCount "61"]
[EventDate "2018.08.10"]
[EventType "swiss"]
[EventRounds "9"]
[EventCountry "ESP"]
[SourceTitle "EXT 2024"]
[Source "ChessBase"]
[SourceDate "2023.10.10"]
[SourceVersion "1"]
[SourceVersionDate "2023.10.10"]
[SourceQuality "1"]

1. c4 e5 2. g3 Nc6 3. Bg2 Bc5 4. Nc3 d6 5. Nf3 h6 6. a3 a6 7. b4 Ba7 8. 0-0 Nf6 9. d3 0-0 10. Bb2 Be6 11. Rc1 Qd7 12. Re1 Bh3 13. Bh1 Ng4 14. e3 f5 15. d4 f4 16. c5 fxg3 17. hxg3 Qf5 18. Qb3+ Kh8 19. Rc2 Qh5 20. Ne4 exd4 21. exd4 Rae8 22. d5 Nce5 23. Bxe5 Nxe5 24. Nxe5 Rxe5 25. Qc3 dxc5 26. Nxc5 Rg5 27. Ne6 Rxg3+ 28. Qxg3 Bxe6 29. dxe6 Rf5 30. e7 Rg5 31. e8Q+ 1-0

[Event "Sant Adria de Besos op 2nd B"]
[Site "Sant Adria de Besos"]
[Date "2018.08.15"]
[Round "8.1"]
[White "Nailer, Ali"]
[Black "Hill Guell, Pau"]
[Result "1/2-1/2"]
[WhiteElo "1782"]
[BlackElo "1868"]
[PlyCount "97"]
[EventDate "2018.08.10"]
[EventType "swiss"]
[EventRounds "9"]
[EventCountry "ESP"]
[SourceTitle "EXT 2024"]
[Source "ChessBase"]
[SourceDate "2023.10.10"]
[SourceVersion "1"]
[SourceVersionDate "2023.10.10"]
[SourceQuality "1"]

1. c4 Nf6 2. g3 g6 3. Bg2 Bg7 4. Nf3 d6 5. 0-0 0-0 6. Nc3 c6 7. d3 Na6 8. Rb1 Bd7 9. b4 Qc8 10. Re1 Nc7 11. a4 Nfd5 12. Nxd5 cxd5 13. Bb2 Bh6 14. e3 Bh3 15. Bh1 Bg4 16. Qb3 dxc4 17. Qxc4 Be6 18. Qh4 Bg7 19. Bxg7 Kxg7 20. Qxe7 Rd8 21. Rec1 Rd7 22. Qh4 Qe8 23. Ng5 h6 24. Qd4+ f6 25. Nxe6+ Nxe6 26. Qd5 Rad8 27. Rc4 Re7 28. Rbc1 Qxa4 29. Qa5 Qxa5 30. bxa5 Nc5 31. R1c3 f5 32. d4 Ne4 33. Bxe4 fxe4 34. d5 Kf6 35. Rd4 h5 36. Rcc4 Rde8 37. h3 Kf5 38. Kg2 g5 39. a6 g4 40. axb7 Rxb7 41. Rc6 Ke5 42. Ra6 Ree7 43. Raa4 Kf5 44. Rac4 a5 45. Rc6 Ke5 46. Rcc4 Kf5 47. Rc8 Ra7 48. Rcc4 Rab7 49. Rc6 1/2-1/2

[Event "TUR Cup										"]
[Site "Antalya"]
[Date "2018.02.03"]
[Round "11"]
[White "Ozates, Mert"]
[Black "Nailer, Ali"]
[Result "1/2-1/2"]
[WhiteElo "1821"]
[BlackElo "1780"]
[PlyCount "147"]
[EventDate "2018.01.27"]
[EventType "swiss"]
[EventRounds "11"]
[EventCountry "TUR"]
[SourceTitle "CBM 182 Extra"]
[Source "ChessBase"]
[SourceDate "2018.02.23"]
[SourceVersion "1"]
[SourceVersionDate "2018.02.23"]
[SourceQuality "1"]

1. e4 d5 2. exd5 Qxd5 3. Nc3 Qd6 4. d4 Nf6 5. Bc4 g6 6. Be3 Bg7 7. Nf3 0-0 8. Qd2 Bf5 9. 0-0-0 c6 10. Bh6 b5 11. Bxg7 Kxg7 12. Bd3 Bxd3 13. Qxd3 Nbd7 14. Rhe1 e6 15. Ne5 Nb6 16. Qf3 Rac8 17. Ne4 Nxe4 18. Rxe4 Qd5 19. Kb1 f5 20. Re2 Qxf3 21. Nxf3 Kf6 22. Ne5 c5 23. dxc5 Rxc5 24. Nd7+ Nxd7 25. Rxd7 Rf7 26. Red2 Rxd7 27. Rxd7 Re5 28. Kc1 Re2 29. Rd2 Re1+ 30. Rd1 Re2 31. Rf1 e5 32. Kd1 Re4 33. Kd2 Rd4+ 34. Ke3 Rb4 35. Rb1 g5 36. c3 Re4+ 37. Kd3 Ra4 38. a3 e4+ 39. Ke2 Ra6 40. Rd1 Re6 41. Rd7 Re7 42. Rxe7 Kxe7 43. Ke3 h5 44. Kd4 Kd6 45. b3 a5 46. a4 bxa4 47. bxa4 h4 48. h3 Ke6 49. c4 Kd6 50. c5+ Kc6 51. Ke5 g4 52. Kf4 gxh3 53. gxh3 Kxc5 54. Kxf5 Kb4 55. Kxe4 Kxa4 56. f4 Kb5 57. Kd5 a4 58. f5 a3 59. f6 a2 60. f7 a1Q 61. f8Q Qd1+ 62. Ke4 Qe2+ 63. Kd4 Qc4+ 64. Ke5 Qc3+ 65. Ke4 Qxh3 66. Qb8+ Kc4 67. Qc7+ Kb3 68. Qf7+ Kb4 69. Qb7+ Kc3 70. Qc6+ Kb2 71. Qf6+ Kc2 72. Qf2+ Kc3 73. Qf3+ Qxf3+ 74. Kxf3 1/2-1/2

[Event "TUR Cup										"]
[Site "Antalya"]
[Date "2018.02.01"]
[Round "9"]
[White "Aysoy, Veysi"]
[Black "Nailer, Ali"]
[Result "1-0"]
[WhiteElo "1928"]
[BlackElo "1780"]
[PlyCount "77"]
[EventDate "2018.01.27"]
[EventType "swiss"]
[EventRounds "11"]
[EventCountry "TUR"]
[SourceTitle "CBM 182 Extra"]
[Source "ChessBase"]
[SourceDate "2018.02.23"]
[SourceVersion "1"]
[SourceVersionDate "2018.02.23"]
[SourceQuality "1"]

1. d4 d5 2. c4 e5 3. dxe5 d4 4. Nf3 Nc6 5. a3 Bg4 6. Bf4 Nge7 7. Qd3 Ng6 8. Bg3 Bxf3 9. exf3 Ngxe5 10. Qe4 Qe7 11. Bxe5 Nxe5 12. f4 Nd7 13. Nd2 a5 14. 0-0-0 Qxe4 15. Nxe4 c5 16. Re1 Be7 17. Nd6+ Kf8 18. Nf5 Bf6 19. g4 g6 20. Ng3 Bh4 21. g5 Bxg3 22. hxg3 Re8 23. Rxe8+ Kxe8 24. Bg2 b6 25. Bd5 f6 26. f5 gxf5 27. g6 Kf8 28. f4 Kg7 29. Re1 Kxg6 30. Re7 Rd8 31. Bf7+ Kh6 32. Be6 Nf8 33. Bxf5 Rd6 34. Kd2 Ng6 35. Rb7 Nf8 36. Kd3 Ng6 37. Rf7 Rc6 38. b3 Rc8 39. Ke4 1-0

[Event "TUR Cup										"]
[Site "Antalya"]
[Date "2018.01.31"]
[Round "7"]
[White "Kilic, Gokturk Kagan"]
[Black "Nailer, Ali"]
[Result "0-1"]
[WhiteElo "1844"]
[BlackElo "1780"]
[PlyCount "44"]
[EventDate "2018.01.27"]
[EventType "swiss"]
[EventRounds "11"]
[EventCountry "TUR"]
[SourceTitle "CBM 182 Extra"]
[Source "ChessBase"]
[SourceDate "2018.02.23"]
[SourceVersion "1"]
[SourceVersionDate "2018.02.23"]
[SourceQuality "1"]

1. e4 e5 2. Nf3 Nf6 3. Bc4 Nc6 4. d3 Bc5 5. c3 d6 6. Nbd2 Bg4 7. Qb3 0-0 8. Qxb7 Na5 9. Qb5 c6 10. Qa4 d5 11. Bb3 dxe4 12. dxe4 Bxf3 13. gxf3 Nh5 14. Nf1 Nxb3 15. Qxb3 Qh4 16. Be3 Bxe3 17. Nxe3 Rad8 18. 0-0 Nf4 19. Qa3 Qh3 20. Rad1 Ne2+ 21. Kh1 Qxf3+ 22. Ng2 Nf4 0-1

[Event "TUR Cup										"]
[Site "Antalya"]
[Date "2018.01.29"]
[Round "4"]
[White "Yaver, Faik Emre"]
[Black "Nailer, Ali"]
[Result "1-0"]
[WhiteElo "2096"]
[BlackElo "1780"]
[PlyCount "69"]
[EventDate "2018.01.27"]
[EventType "swiss"]
[EventRounds "11"]
[EventCountry "TUR"]
[SourceTitle "CBM 182 Extra"]
[Source "ChessBase"]
[SourceDate "2018.02.23"]
[SourceVersion "1"]
[SourceVersionDate "2018.02.23"]
[SourceQuality "1"]

1. e4 e5 2. Nf3 Nf6 3. d4 Nxe4 4. Bd3 Nc6 5. Nxe5 Nxe5 6. Bxe4 d5 7. dxe5 dxe4 8. Qxd8+ Kxd8 9. Nc3 Bb4 10. Bg5+ Ke8 11. 0-0-0 Bg4 12. Rd4 Bxc3 13. bxc3 Bf5 14. Rhd1 f6 15. exf6 gxf6 16. Bxf6 Rg8 17. g3 Rg6 18. Be5 c6 19. c4 c5 20. Rd5 b6 21. Bf4 Bg4 22. R1d2 Kf7 23. Kb2 Re8 24. Kc3 h5 25. a4 Re7 26. Rd8 Re8 27. Bb8 a6 28. Bf4 Ke7 29. R8d5 Kf7 30. h3 Bxh3 31. Rxh5 Bg4 32. Rh7+ Rg7 33. Rxg7+ Kxg7 34. Rd6 Rb8 35. Rd5 1-0

[Event "TUR Cup"]
[Site "Antalya"]
[Date "2017.02.02"]
[Round "9"]
[White "Cakmakci, Hasan"]
[Black "Nailer, Ali"]
[Result "0-1"]
[WhiteElo "1539"]
[BlackElo "1793"]
[PlyCount "90"]
[EventDate "2017.01.28"]
[EventType "swiss"]
[EventRounds "11"]
[EventCountry "TUR"]
[SourceTitle "CBM 176 Extra"]
[Source "ChessBase"]
[SourceDate "2017.03.02"]
[SourceVersion "1"]
[SourceVersionDate "2017.03.02"]
[SourceQuality "1"]

1. e4 e5 2. Nf3 Nf6 3. Nc3 Nc6 4. Bb5 Bb4 5. d3 d6 6. Bxc6+ bxc6 7. Bd2 Rb8 8. 0-0 Bg4 9. h3 Bh5 10. Re1 h6 11. g4 Bg6 12. a3 Bc5 13. Be3 Bxe3 14. Rxe3 Rxb2 15. d4 exd4 16. Nxd4 Rb6 17. e5 Nd5 18. Nxd5 cxd5 19. exd6+ Kf8 20. dxc7 Qxc7 21. Qe1 Kg8 22. h4 Qf4 23. Qd1 Rf6 24. Nf5 Bxf5 25. gxf5 Rxf5 26. Qe2 Qxh4 27. Rb1 Rg5+ 28. Rg3 Rxg3+ 29. fxg3 Qxg3+ 30. Kf1 Qf4+ 31. Kg1 Qd4+ 32. Kf1 Qc4 33. Qxc4 dxc4 34. Rb7 Kh7 35. Rxf7 Rb8 36. Rc7 Rb1+ 37. Kg2 Ra1 38. Rxa7 Ra2 39. Kg3 Rxc2 40. a4 c3 41. Rc7 Rc1 42. a5 c2 43. Kg2 Ra1 44. Rxc2 Rxa5 45. Rc6 Ra3 0-1

[Event "TUR Cup"]
[Site "Antalya"]
[Date "2017.01.30"]
[Round "4"]
[White "Unat, Can Haktan"]
[Black "Nailer, Ali"]
[Result "1/2-1/2"]
[WhiteElo "1943"]
[BlackElo "1793"]
[PlyCount "62"]
[EventDate "2017.01.28"]
[EventType "swiss"]
[EventRounds "11"]
[EventCountry "TUR"]
[SourceTitle "CBM 176 Extra"]
[Source "ChessBase"]
[SourceDate "2017.03.02"]
[SourceVersion "1"]
[SourceVersionDate "2017.03.02"]
[SourceQuality "1"]

1. e4 e5 2. Nf3 Nf6 3. Nxe5 d6 4. Nf3 Nxe4 5. c4 Be7 6. d4 c6 7. Bd3 d5 8. Nc3 Nxc3 9. bxc3 dxc4 10. Bxc4 Nd7 11. 0-0 0-0 12. Bb2 c5 13. Re1 Bf6 14. Bb3 cxd4 15. Nxd4 Nc5 16. Bc2 b6 17. Re3 g6 18. Qe2 Bb7 19. Re1 Qd5 20. Rg3 Ba6 21. Qd1 Rfe8 22. Rge3 Rxe3 23. Rxe3 Bb7 24. Qf3 Qxf3 25. gxf3 Bd5 26. a4 a6 27. f4 Rc8 28. f5 Nd7 29. Bd3 Nc5 30. Bc2 Nd7 31. Bd3 Nc5 1/2-1/2

[Event "Corum op"]
[Site "Corum"]
[Date "2016.05.28"]
[Round "9"]
[White "Nailer, Ali"]
[Black "Gunduz, Umut Erdem"]
[Result "0-1"]
[WhiteElo "1766"]
[BlackElo "2001"]
[PlyCount "88"]
[EventDate "2016.05.23"]
[EventType "swiss"]
[EventRounds "9"]
[EventCountry "TUR"]
[SourceTitle "CBM 172 Extra"]
[Source "ChessBase"]
[SourceDate "2016.06.21"]
[SourceVersion "1"]
[SourceVersionDate "2016.06.21"]
[SourceQuality "1"]

1. c4 c5 2. g3 g6 3. Bg2 Bg7 4. Nf3 e5 5. d3 Ne7 6. Nc3 Nbc6 7. e4 0-0 8. 0-0 d6 9. Ne1 Be6 10. Nc2 f5 11. f4 a6 12. Ne3 Nd4 13. exf5 Ndxf5 14. Nxf5 Bxf5 15. Bxb7 Rb8 16. Bg2 exf4 17. Rxf4 Bh6 18. Rf2 Bg7 19. Kh1 Qa5 20. Nd5 Nxd5 21. Bxd5+ Kh8 22. Bg2 Bxd3 23. Rxf8+ Rxf8 24. Bf4 Bxc4 25. Qxd6 Re8 26. Bd2 Rd8 27. Bxa5 Rxd6 28. Bc3 Bxc3 29. bxc3 Rd2 30. Bf1 Bxa2 31. c4 a5 32. Kg1 a4 33. Bg2 a3 34. g4 g5 35. Bd5 Rb2 36. Be4 Kg7 37. h3 h6 38. Bf5 Kf6 39. Bh7 Ke5 40. Re1+ Kd4 41. Re4+ Kc3 42. Re3+ Kb4 43. Re8 Bb3 44. Rb8+ Kc3 0-1

[Event "Corum op"]
[Site "Corum"]
[Date "2016.05.26"]
[Round "5"]
[White "Ozenir, Ekin Baris"]
[Black "Nailer, Ali"]
[Result "1-0"]
[WhiteElo "2126"]
[BlackElo "1766"]
[PlyCount "65"]
[EventDate "2016.05.23"]
[EventType "swiss"]
[EventRounds "9"]
[EventCountry "TUR"]
[SourceTitle "CBM 172 Extra"]
[Source "ChessBase"]
[SourceDate "2016.06.21"]
[SourceVersion "1"]
[SourceVersionDate "2016.06.21"]
[SourceQuality "1"]

1. d4 Nf6 2. c4 g6 3. Nc3 d5 4. Qa4+ c6 5. cxd5 Nxd5 6. e4 Nxc3 7. bxc3 Bg7 8. Nf3 0-0 9. Be2 c5 10. 0-0 Nc6 11. Be3 Bg4 12. Rfd1 Qa5 13. Qxa5 Nxa5 14. Rac1 cxd4 15. cxd4 Rfc8 16. d5 b6 17. Ba6 Rd8 18. Bg5 Bf6 19. Bf4 Bc8 20. Bxc8 Raxc8 21. Rxc8 Rxc8 22. e5 Bg7 23. d6 Rd8 24. d7 Nb7 25. e6 fxe6 26. Bc7 Ra8 27. d8Q+ Nxd8 28. Rxd8+ Rxd8 29. Bxd8 Bf6 30. Bc7 e5 31. Bxe5 Kf7 32. Bxf6 exf6 33. Kf1 1-0

[Event "Corum op"]
[Site "Corum"]
[Date "2016.05.24"]
[Round "3"]
[White "Nailer, Ali"]
[Black "Uzunoglu, Efe Kerem"]
[Result "0-1"]
[WhiteElo "1766"]
[BlackElo "2161"]
[PlyCount "78"]
[EventDate "2016.05.23"]
[EventType "swiss"]
[EventRounds "9"]
[EventCountry "TUR"]
[SourceTitle "CBM 172 Extra"]
[Source "ChessBase"]
[SourceDate "2016.06.21"]
[SourceVersion "1"]
[SourceVersionDate "2016.06.21"]
[SourceQuality "1"]

1. c4 c6 2. g3 d5 3. Bg2 Nf6 4. Nf3 Bf5 5. 0-0 e6 6. b3 h6 7. Bb2 Nbd7 8. d3 Be7 9. Nbd2 0-0 10. Nd4 Bh7 11. f4 Ng4 12. Nc2 Qb6+ 13. Bd4 Bc5 14. Nf3 Bxd4+ 15. Nfxd4 Rfe8 16. h3 Ne3 17. Nxe3 Qxd4 18. Qd2 e5 19. f5 Bxf5 20. Kh2 Be6 21. Rac1 dxc4 22. bxc4 Nc5 23. Nc2 Qd6 24. Qb4 Rad8 25. Rb1 Re7 26. Rfd1 Red7 27. Qa3 a6 28. Na1 Qd4 29. Rb2 h5 30. Nb3 Nxb3 31. axb3 h4 32. gxh4 Qf4+ 33. Kh1 Qxh4 34. Kh2 Qf4+ 35. Kh1 Qg3 36. Qa5 Bxh3 37. Bxh3 Qxh3+ 38. Kg1 Qg3+ 39. Kf1 Rd6 0-1

[Event "TUR-ch"]
[Site "Antalya"]
[Date "2013.02.07"]
[Round "9"]
[White "Giris, Ruchan"]
[Black "Nailer, Ali"]
[Result "1/2-1/2"]
[WhiteElo "1742"]
[BlackElo "1878"]
[PlyCount "32"]
[EventDate "2013.02.02"]
[EventType "swiss"]
[EventRounds "11"]
[EventCountry "TUR"]
[SourceTitle "CBM 152 Extra"]
[Source "ChessBase"]
[SourceDate "2013.02.25"]
[SourceVersion "1"]
[SourceVersionDate "2013.02.25"]
[SourceQuality "1"]

1. d4 f5 2. c4 e6 3. Nc3 Nf6 4. g3 Bb4 5. a3 Bxc3+ 6. bxc3 0-0 7. Bg2 Ne4 8. Qc2 d5 9. c5 c6 10. Nf3 Nd7 11. Bf4 Qa5 12. Bd2 Ndf6 13. Ne5 Nxd2 14. Qxd2 Nd7 15. Nxd7 Bxd7 16. 0-0 Rf6 1/2-1/2

[Event "TUR-ch"]
[Site "Kemer"]
[Date "2012.01.31"]
[Round "4"]
[White "Nailer, Ali"]
[Black "Turkmen, Huseyin Nafizhan"]
[Result "1/2-1/2"]
[WhiteElo "1953"]
[BlackElo "1760"]
[PlyCount "140"]
[EventDate "2012.01.29"]
[EventType "swiss"]
[EventRounds "10"]
[EventCountry "TUR"]
[SourceTitle "CBM 146 Extra"]
[Source "ChessBase"]
[SourceDate "2012.02.29"]
[SourceVersion "1"]
[SourceVersionDate "2012.02.29"]
[SourceQuality "1"]

1. e4 d6 2. d4 Nf6 3. Nc3 g6 4. f3 Bg7 5. Be3 Nc6 6. Qd2 h5 7. Bc4 e6 8. Nge2 d5 9. exd5 exd5 10. Bb3 Be6 11. Nf4 Qd7 12. 0-0-0 Na5 13. Nxe6 Nxb3+ 14. axb3 Qxe6 15. Rde1 0-0-0 16. Na4 Qa6 17. c3 Nd7 18. Kc2 Qb5 19. Ra1 Rde8 20. Rhe1 b6 21. b4 Re6 22. Qd3 Qxd3+ 23. Kxd3 Rhe8 24. Bf2 Nf6 25. Rxe6 Rxe6 26. Re1 g5 27. Rxe6 fxe6 28. b3 g4 29. c4 Bh6 30. b5 Bg5 31. Nc3 Kd7 32. Be3 Bxe3 33. Kxe3 c6 34. bxc6+ Kxc6 35. Kf4 gxf3 36. gxf3 dxc4 37. bxc4 Kd7 38. Kg5 Ke7 39. h4 Kf7 40. Nb5 a6 41. Nc7 a5 42. c5 bxc5 43. dxc5 Nd5 44. Nb5 a4 45. Kxh5 Kf6 46. Kg4 Kg6 47. c6 Kh6 48. Na3 Kg6 49. Nc4 Kh6 50. Na3 Kg6 51. h5+ Kh6 52. Kh4 Nc7 53. Kg4 Nd5 54. f4 Nc7 55. f5 exf5+ 56. Kxf5 Kxh5 57. Ke5 Kg6 58. Kd6 Ne8+ 59. Kc5 Kf6 60. Kb5 Ke6 61. Kxa4 Kd6 62. Kb5 Nc7+ 63. Kb6 Nd5+ 64. Kb7 Ne7 65. c7 Kc5 66. Nc2 Kc4 67. Ne3+ Kd4 68. Ng4 Nf5 69. Kc6 Ne7+ 70. Kd7 Nd5 1/2-1/2